Caractérisation des éléments de meilleure approximation dans un espace de Banach quelconque

Elmentve itt :
Bibliográfiai részletek
Szerző: Singer Ivan
Dokumentumtípus: Cikk
Megjelent: 1956
Sorozat:Acta scientiarum mathematicarum 17
Kulcsszavak:Banach Stefan, Természettudomány, Matematika, Művelődés
Online Access:http://acta.bibl.u-szeged.hu/13810
LEADER 00689nab a2200181 i 4500
001 acta13810
005 20210412100924.0
008 161015s1956 hu o 0|| fre d
022 |a 0001-6969 
040 |a SZTE Egyetemi Kiadványok Repozitórium  |b hun 
041 |a fre 
100 1 |a Singer Ivan 
245 1 0 |a Caractérisation des éléments de meilleure approximation dans un espace de Banach quelconque  |h [elektronikus dokumentum] /  |c  Singer Ivan 
260 |c 1956 
300 |a 181-189 
490 0 |a Acta scientiarum mathematicarum  |v 17 
695 |a Banach Stefan, Természettudomány, Matematika, Művelődés 
856 4 0 |u http://acta.bibl.u-szeged.hu/13810/1/math_017_181-189.pdf  |z Dokumentum-elérés